Statistics for Prophets of Abrahamic Religions

Click here to take the quiz!

General Stats

  • This quiz has been taken 176 times
  • The average score is 58 of 171

Answer Stats

Answer% Correct
Jesus
96%
Abraham
90%
Noah
89%
Adam
88%
Muhammad
87%
Moses
85%
Joseph
84%
David
79%
Jacob
78%
John the Baptist
75%
Isaac
74%
Solomon
74%
Job
72%
Aaron
69%
Ishmael
67%
John of Patmos
63%
Shem
60%
Enoch
57%
Lot
57%
Elijah
54%
Jonah
53%
Eli
51%
Ezekiel
49%
Samuel
45%
Abel
43%
Seth
43%
Jeremiah
42%
Joshua
41%
Saleh
40%
Elisha
38%
Hud
38%
Isaiah
38%
Shoaib
34%
Esther
29%
Ezra
29%
Ruth
29%
Amos
28%
Zachariah
28%
Joel
27%
Habakkuk
25%
Malachi
25%
Zachariah
23%
Hosea
22%
Obadiah
21%
Miriam
20%
Nahum
20%
Deborah
19%
Haggai
19%
Micah
19%
Sarah
19%
Nehemiah
18%
Zephaniah
16%
Gideon
15%
Gad
13%
Nathan
13%
Eber
8%
Hezekiah
8%
Abigail
7%
Mordecai
7%
Danial
6%
Huldah
6%
Jehu
6%
Baruch ben Neriah
5%
Ahijah HaShiloni
4%
Balaam
4%
Eliezer
4%
Hanani
4%
Iddo
4%
Khidr
4%
Oded
4%
Uriah
4%
Kenan
3%
Azariah
2%
Bildad
2%
Elihu
2%
Elkanah
2%
Jahaziel
2%
Luqman
2%
Micaiah
2%
Neriah
2%
Phinehas
2%
Ahiyah
1%
Amoz
1%
Asaph/Asoph
1%
Beor
1%
Bithiah
1%
Eliphaz
1%
Hennah
1%
Jeduthun
1%
Seraiah
1%
Shemaiah
1%
Zachraiah
1%
Zophar
1%

Score Distribution

Percentile by Number Answered

Percent of People with Each Score

Your Score History

You have not taken this quiz